Физическая география материков с прилегающими частями океанов: Южная Америка, Африка, Австралия и Океания, Антаркида (Запис № 306653)

МАРК-запис
000 -Лідер
fixed length control field 00792nam a22002537a 4500
001 - Контрольний номер
control field 20475
003 - Ідентифікатор контрольного номера
control field UA-OsUOA
005 - Дата та час останнього входження (трансакції)
control field 20191017112827.0
007 - Фіксоване поле фізичного опису
fixed length control field ta
008 - Елементи даних фіксованої довжини – загальна інформація
fixed length control field 20031029b un ||||| |||| 00| 0 ukr d
040 ## - Джерело каталогізації
Агенція оригінальної каталогізації UA-OsUOA
Мова каталогізації rus
Агенція, яка здійснювала перезапис UA-OsUOA
Агенція, яка здійснювала модифікацію UA-OsUOA
041 ## - Код мови
Код мови тексту/ звукової доріжки чи окремого заголовка (П) rus
044 ## - Код країни видавця/ виробника
Код країни видавця/ виробника (П) RU
080 ## - Індекс Універсальної десяткової класифікації
Індекс Універсальної десяткової класифікації (УДК) (НП) 913(21)
090 ## - Локальний шифр розміщення
Класифікаційний індекс УДК 913(21)
Авторський знак (НП) В58
100 ## - Основне введення – ім’я особи
Ім’я особи (НП) Власова Т.В.
245 ## - Відомості про назву
Назва (НП) Физическая география материков с прилегающими частями океанов: Южная Америка, Африка, Австралия и Океания, Антаркида
260 ## - Публікація, розповсюдження і т.п. (Вихідні дані)
Місце публікації, розповсюдження і т.п. (П) Москва
Ім’я/ наймення видавництва, розповсюджувача і т.п. (П) Просвещение
Дата публікації, розповсюдження і т.п. (П) 1986
300 ## - Фізичний опис
Обсяг 269 с.
Інші фізичні характеристики (НП) Ілюстрації
505 ## - Форматована примітка про зміст
Змішана інформація Ч. 2
650 #7 - Додаткове предметне введення – тематичний термін
Джерело заголовка чи терміна UDC
942 ## - Додаткові елементи входу (Коха)
Тип елемента Koha Книги
Source of classification or shelving scheme Universal Decimal Classification
955 ## - Код типу видання за змістом
Код типу видання за змістом (НП) інше
Фонди
Стан вилучень Стан втрат Джерело класифікації або схеми стелажів Стан уражень Не для кредиту Постійне місце розташування Поточне розміщення Дата придбання Інвентарний номер Усього замовленно Повний номер виклику Штрих-код Дата останнього перегляду Ціна ефективна від Тип елемента Koha
    Universal Decimal Classification     АБ - Абонемент НБ АБ - Абонемент НБ 29/10/2003 30551   913(21) В58 30551 17/05/2022 29/10/2003 Книги